Biblioteca

Paul and the popular philosophers (Registro nro. 46628)

Detalles MARC
000 -LÍDER
Campo fijo de descripción fija 01413cam a22003134i 4500
001 - NÚMERO DE CONTROL
Campo de control 20277
003 - IDENTIFICADOR DEL NÚMERO DE CONTROL
Campo de control CO-MdFUSB
005 - FECHA Y HORA DE LA ULTIMA TRANSACCIÓN
control field 20181013114034.0
008 - ELEMENTOS DE LONGITUD FIJA -- INFORMACIÓN GENERAL
Campo fijo de descripción fija -- Información general 180213t1989 xxu||||g |||| 00| 0 eng d
020 ## - NÚMERO INTERNACIONAL NORMALIZADO PARA LIBROS
Número Internacional Normalizado del libro 978-0-8006-3852-8
040 ## - FUENTE DE CATALOGACIÓN
Agencia de catalogación original CO-MdFUSB
Idioma de catalogación spa
Agencia que realiza la transcripción CO-MdFUSB
Agencia que realiza la modificación CO-MdFUSB
Convenciones de la descripción rda
041 ## - CÓDIGO DE IDIOMA
Código de idioma para texto/pista de sonido o título separado eng
082 ## - NÚMERO DE CLASIFICACIÓN DECIMAL DEWEY
Número de la edición del Dewey 24
Número de clasificación G 227.067
Clave de autor-Numero de item M249p
100 1# - ASIENTO PRINCIPAL--NOMBRE PERSONAL
Nombre personal Malherbe, Abraham J.
Término relacionador autor
242 00 - TRADUCCIÓN DEL TÍTULO POR AGENCIA CATALOGADORA
Título Pablo y los filósofos populares
Idioma del título original Inglés
245 00 - TÍTULO
Título del Material Paul and the popular philosophers
Mención de responsabilidad, etc. / Abraham J. Malherbe
264 #1 - PRODUCCIÓN, PUBLICACIÓN, DISTRIBUCIÓN, MANUFACTURA, Y COPYRIGHT
Lugar de producción, publicación, distribución, manufactura Minneapolis, Minnesota:
Nombre del productor, publicador, distribuidor Fortress Press,
Fecha de producción, publicación, distribución, manufactura, o copyright ℗[1989]
264 #1 - PRODUCCIÓN, PUBLICACIÓN, DISTRIBUCIÓN, MANUFACTURA, Y COPYRIGHT
Fecha de producción, publicación, distribución, manufactura, o copyright ©1989
300 ## - DESCRIPCIÓN FÍSICA
Extensión xvi, 192 páginas ;
Dimensiones 23 cm
336 ## - TIPO DE CONTENIDO
Fuente rdacontent
Término de tipo de contenido texto
Código de tipo de contenido txt
337 ## - TIPO DE MEDIO
Fuente rdamedia
Nombre del tipo de medio sin mediación
Código del tipo de medio n
338 ## - TIPO DE SOPORTE
Fuente rdacarrier
Nombre del tipo de soporte volumen
Código Tipo de soporte nc
501 ## - NOTA DE “CON”
Nota de Contenido Indíces páginas 171-192
505 00 - NOTA DE CONTENIDO
Nota de contenido con formato preestablecido Definición entre los cínicos -- Con genio en la diatriba y paul -- ¨Suave como guantes¨ 1 Tesalonicenses 2 -- Exhortación en 1 Tesalonicenses -- Pablo: ¿filósofo helenístico o Pastor Christiano? -- Las bestias en Efeso -- Antístenes y Odiseo; y Paul en la guerra -- simbolismo médica en las epístolas pastorales -- En temporada y fuera de temporada: 2 Timoteo 4: 2 -- No en una esquina: Apologética cristiana en Hechos 26:26 -- Una descripción física de Pablo
563 ## - NOTA DE ENCUADERNACIÓN
Nota de encuadernación Tapa rústica
650 #7 - ASIENTO SECUNDARIO DE MATERIA - TERMINO TEMÁTICO
9 (RLIN) 168
Término temático o nombre geográfico como elemento de entrada Filosofía antigua
942 ## - TIPO DE MATERIAL (KOHA)
Tipo de Item KOHA Libros General
Existencias
Estado de Material Estado de Perdido Forma de Clasificación Estado de Dañado No para Préstamo Colección Tomo Biblioteca de Origen Biblioteca Permanente Fecha de Adquisición Total de Préstamos Signatura Topográfica Código de Barras Última vez visto Ejemplar/Existencia Fecha de Remplazo Tipo de Material
    Dewey Decimal Classification     Colección General   Biblioteca FUSBC Biblioteca FUSBC 17/07/2015   G 227.067 M249p 20622 28/09/2023 Ej. 1 26/01/2016 Libros General

Biblioteca FUSBC | Teléfono: (57+4) 349 88 10 Ext. 141| WhatsApp (+57) 3005338115 
E-mail: biblioteca@unisbc.edu.co | Calle 76 87-14 Robledo Palenque, Medellín, Colombia

Con tecnología Koha